000 00584nam a2200229Ia 4500
003 OSt
005 20220924152538.0
006 a|||||r|||| 00| 0
007 ta
008 220923b |||||||| |||| 00| 0 mar d
024 _a343017
037 _cTextual
040 _aARTS
_cARTS
_bmar
041 _2mar
_amar
082 _aYwM90, 155K2
100 _aKale Purushotam Balkrishna
_9226940
245 0 _aAnsuya aani mi
260 _c1962
650 _aSOCIOLOGY
942 _hYwM90, 155K2
_cTEXL
_2CC
999 _c470170
_d470170